[Event "9th Nana Aleksandria Cup"]
[Site "Poti GEO"]
[Date "2014.07.15"]
[Round "4.7"]
[White "Vepkhvishvili, Varlam"]
[Black "Quparadze, Giga"]
[Result "0-1"]
[WhiteTitle "FM"]
[BlackTitle "IM"]
[WhiteElo "2187"]
[BlackElo "2504"]
[WhiteFideId "13600524"]
[BlackFideId "13602250"]
[EventDate "2014.07.13"]

1. d4 Nf6 2. c3 d5 3. Bf4 g6 4. Nf3 Bg7 5. e3 O-O 6. Be2 b6 7. a4 a5 8. O-O Bb7
9. h3 Nbd7 10. Nbd2 c5 11. Bh2 Rc8 12. Ne5 Nxe5 13. Bxe5 Nd7 14. Bxg7 Kxg7 15.
f4 e6 16. Bd3 Rc7 17. Qf3 f5 18. Qg3 Qe7 19. Nf3 Ra8 20. Rf2 Ba6 21. Bc2 Rb7 22.
h4 Nf6 23. Ne5 Qe8 24. Qf3 h5 25. Rd2 Ng4 26. Nxg4 hxg4 27. Qf2 Qe7 28. g3 c4
29. Bd1 b5 30. axb5 Bxb5 31. Ba4 Bxa4 32. Rxa4 Qd7 33. Ra2 a4 34. Qe1 Rb3 35.
Qa1 a3 36. Rxa3 Raxa3 37. bxa3 Qa4 38. Kg2 Rxa3 39. Qc1 Qb3 40. Rc2 Ra1 41. Qxa1
Qxc2+ 42. Kg1 Qd2 43. Qa7+ Kf6 44. Qb8 Qxe3+ 45. Kg2 Qf3+ 46. Kh2 Qf2+ 47. Kh1
Qf1+ 48. Kh2 Qh3+ 49. Kg1 Qxg3+ 50. Kf1 Qf3+ 51. Kg1 Qe3+ 52. Kg2 Kg7 53. Qc7+
Kh6 54. Qd8 Qd2+ 55. Kg1 Qc1+ 56. Kg2 Qb2+ 57. Kg1 Qb7 58. h5 Qb1+ 59. Kg2 Qe4+
60. Kg1 Qxf4 61. Qh8+ Kg5 62. hxg6 g3 63. Qh3 Qf2+ 64. Kh1 g2+ 0-1

[Event "9th Nana Aleksandria Cup"]
[Site "Poti GEO"]
[Date "2014.07.15"]
[Round "4.8"]
[White "Benidze, Davit"]
[Black "Gholami, Aryan"]
[Result "1/2-1/2"]
[WhiteTitle "GM"]
[BlackTitle "FM"]
[WhiteElo "2476"]
[BlackElo "2265"]
[WhiteFideId "13603086"]
[BlackFideId "12513342"]
[EventDate "2014.07.13"]

1. d4 Nf6 2. g3 e6 3. c4 d5 4. Nf3 dxc4 5. Bg2 Be7 6. O-O O-O 7. Ne5 Nbd7 8.
Nxc4 c6 9. Qc2 Nb6 10. Rd1 Nxc4 11. Qxc4 e5 12. Nc3 exd4 13. Rxd4 Be6 14. Rxd8
Bxc4 15. Rxf8+ Kxf8 16. Be3 Bb4 17. Bf3 Bxc3 18. bxc3 Bd5 19. Bc5+ Kg8 20. a4
Bxf3 21. exf3 Nd5 22. Bd4 Rc8 23. c4 Nb6 24. Bxb6 1/2-1/2

[Event "9th Nana Aleksandria Cup"]
[Site "Poti GEO"]
[Date "2014.07.15"]
[Round "4.9"]
[White "Mgeladze, Tamaz"]
[Black "Basencyan, Mark"]
[Result "1-0"]
[WhiteTitle "FM"]
[WhiteElo "2325"]
[BlackElo "2170"]
[WhiteFideId "13601202"]
[BlackFideId "13300725"]
[EventDate "2014.07.13"]

1. c4 e6 2. g3 Nf6 3. Bg2 d5 4. Nf3 Be7 5. O-O O-O 6. b3 c5 7. e3 Nc6 8. Bb2 b6
9. Nc3 Bb7 10. cxd5 Nxd5 11. Nxd5 Qxd5 12. d4 Rad8 13. Ne5 Qd6 14. dxc5 Qxc5 15.
Nd7 Qf5 16. Rc1 Na5 17. Rc7 Bxg2 18. Kxg2 Rfe8 19. Kg1 Qe4 20. Qc1 Bd6 21. Rxa7
Rc8 22. Qd1 Bc7 23. Qd2 Nc6 24. Ra4 Qd5 25. Qxd5 exd5 26. Rg4 Ne5 27. Nf6+ Kf8
28. Ba3+ Re7 29. Nxh7+ Kg8 30. Nf6+ Kf8 31. Bxe7+ Kxe7 32. Nxd5+ Kd6 33. Rd1 1-0

[Event "9th Nana Aleksandria Cup"]
[Site "Poti GEO"]
[Date "2014.07.15"]
[Round "4.10"]
[White "Hayrapetyan, Artavazd R."]
[Black "Sibashvili, Giorgi"]
[Result "1/2-1/2"]
[WhiteElo "2249"]
[BlackElo "2283"]
[WhiteFideId "13304240"]
[BlackFideId "13602799"]
[EventDate "2014.07.13"]

1. Nf3 Nf6 2. g3 d5 3. Bg2 c5 4. d3 Nc6 5. Nbd2 g6 6. O-O Bg7 7. e4 e6 8. Re1
O-O 9. c3 b6 10. e5 Nd7 11. d4 Bb7 12. Nf1 f6 13. exf6 Qxf6 14. Bg5 Qf7 15. Bf4
h6 16. h4 Rae8 17. Ne3 e5 18. dxe5 Ncxe5 19. Nxd5 Nxf3+ 20. Qxf3 g5 21. hxg5
hxg5 22. Rxe8 Qxe8 23. Qg4 gxf4 24. Nc7 Ne5 25. Qxg7+ Kxg7 26. Nxe8+ Rxe8 27.
Bxb7 fxg3 28. fxg3 Nd3 29. b3 Re2 30. Ba6 Rd2 31. Rf1 Ne5 32. Rf2 Rd1+ 33. Kg2
Rc1 34. c4 Nd3 35. Rd2 Nb4 36. Bc8 Kf6 37. Kh3 Ra1 38. a4 Rb1 39. Rd7 Rxb3 40.
Rxa7 Nc6 41. Rd7 Ne5 42. Rd6+ Kg7 43. Ba6 Rb4 44. Bb5 Nxc4 45. Rc6 Nb2 46. Rc7+
Kf6 47. Ra7 c4 48. Rc7 Ke5 49. g4 c3 50. Rxc3 Nxa4 51. Rf3 Nc5 52. Be8 Rb3 53.
Rxb3 Nxb3 54. g5 Ke6 55. Kg4 Ke7 1/2-1/2

[Event "9th Nana Aleksandria Cup"]
[Site "Poti GEO"]
[Date "2014.07.15"]
[Round "4.11"]
[White "Gharagyozyan, Artur"]
[Black "Ghukasyan, Siranush"]
[Result "1/2-1/2"]
[WhiteElo "2278"]
[BlackElo "2019"]
[WhiteFideId "13303279"]
[BlackFideId "13300946"]
[EventDate "2014.07.13"]

1. a3 d5 2. b4 Nf6 3. Bb2 e6 4. Nf3 Be7 5. e3 O-O 6. c4 a5 7. b5 c5 8. Be2 Nbd7
9. O-O b6 10. d4 Bb7 11. Nc3 Rc8 12. dxc5 Nxc5 13. cxd5 Nxd5 14. Nxd5 Bxd5 15.
Nd4 Bf6 16. Bf3 Bc4 17. Be2 Bxe2 18. Qxe2 Bxd4 19. Bxd4 f6 20. Rfd1 Qe7 21. Rac1
e5 22. Bxc5 Rxc5 23. a4 Rfc8 24. Rxc5 Qxc5 25. h3 Qa3 26. Qg4 Rc1 27. Qe6+ Kf8
28. Rxc1 Qxc1+ 29. Kh2 Qc5 30. Qf5 Qc4 31. Qd7 Qc5 32. Qb7 Qd6 33. Qe4 h6 34.
Qc4 Qd8 35. Qe6 Qc7 36. Kg3 Qc5 37. Kg4 Qc7 38. Qd5 g6 39. h4 h5+ 40. Kh3 Kg7
41. Qe6 Qd8 42. f3 Qc7 43. Qc6 Qd8 44. Qb7+ Kf8 45. Qh7 Qd1 46. Qxg6 Qh1+ 47.
Kg3 Qe1+ 48. Kh3 Qh1+ 1/2-1/2

[Event "9th Nana Aleksandria Cup"]
[Site "Poti GEO"]
[Date "2014.07.15"]
[Round "4.12"]
[White "Andreev, Eduard UKR"]
[Black "Chkhaidze, Nikoloz"]
[Result "1/2-1/2"]
[WhiteTitle "GM"]
[WhiteElo "2493"]
[BlackElo "2182"]
[WhiteFideId "14103400"]
[BlackFideId "13601750"]
[EventDate "2014.07.13"]

1. e4 e5 2. Nf3 Nc6 3. d4 exd4 4. Nxd4 Nf6 5. Nxc6 bxc6 6. Qe2 Qe7 7. Nc3 a5 8.
Qf3 Qe6 9. Bd3 Bb4 10. O-O O-O 11. Bd2 d5 12. exd5 cxd5 13. Rfe1 Qg4 14. Qxg4
Bxg4 15. a3 Bc5 16. Bf4 Rfc8 17. Be5 Be6 18. Nb5 Ng4 19. Bd4 Bxd4 20. Nxd4 Rcb8
21. b4 axb4 22. axb4 Rxa1 23. Rxa1 Ne5 24. Be2 g5 25. c3 Bd7 26. Ra5 c6 27. f3
Kf8 28. g3 Ke7 29. Kf2 Kd6 30. Nb3 Bf5 31. Ra7 f6 32. Nc5 Nd7 33. Bd3 Be6 34.
Nb3 h6 35. Nd4 Ne5 36. Bf5 Bxf5 37. Nxf5+ Ke6 38. Nd4+ Kd6 39. Nf5+ Ke6 40. g4
d4 41. Nxd4+ Kd5 42. Ra5+ Kd6 43. Kg3 Rh8 44. Nf5+ Kc7 45. Ng7 Kd6 46. Nh5 Rf8
47. f4 Nd7 48. Ng7 c5 49. Ra6+ Kd5 50. Nf5 Kc4 51. Rd6 Kxc3 52. Rxd7 cxb4 53.
Rc7+ Kd3 54. Rd7+ Kc3 55. Nd4 b3 56. Nxb3 Kxb3 57. h4 Rc8 58. Rd6 Rc3+ 59. Kg2
Rc2+ 60. Kf3 Rc3+ 61. Ke2 Rc2+ 62. Kd1 Rg2 63. Rxf6 Rxg4 64. fxg5 hxg5 65. h5
Rh4 66. h6 Kc4 67. Rg6 Kd3 68. Ke1 Ke3 69. Kf1 Kf3 70. Rxg5 Rh1+ 71. Rg1 Rxh6 1/2-1/2

[Event "9th Nana Aleksandria Cup"]
[Site "Poti GEO"]
[Date "2014.07.15"]
[Round "4.13"]
[White "Patsia, Zviad"]
[Black "Beradze, Irakli"]
[Result "0-1"]
[WhiteElo "2117"]
[BlackElo "2379"]
[WhiteFideId "13603485"]
[BlackFideId "13604597"]
[EventDate "2014.07.13"]

1. g4 d5 2. Bg2 c6 3. h3 e5 4. c4 dxc4 5. Qc2 Be6 6. Na3 Bxa3 7. bxa3 Nd7 8. Nf3
f6 9. Rb1 Rb8 10. O-O Ne7 11. d4 cxd3 12. exd3 c5 13. Nd2 b6 14. Ne4 O-O 15. f4
Kh8 16. f5 Bd5 17. g5 fxg5 18. Bxg5 Nf6 19. Rbe1 Rc8 20. Qf2 Bxe4 21. Rxe4 Nc6
22. Re3 Qd6 23. Bxc6 Rxc6 24. Rfe1 Nd7 25. Bh4 Rcc8 26. Bg3 Rce8 27. Kh2 Qd5 28.
R1e2 Qd4 29. Qf3 g6 30. f6 Rxf6 31. Qg2 Kg8 32. Re4 Qd5 33. Bxe5 0-1

[Event "9th Nana Aleksandria Cup"]
[Site "Poti GEO"]
[Date "2014.07.15"]
[Round "4.14"]
[White "Makharadze, Jambul"]
[Black "Barseghyan, Harutyun"]
[Result "1-0"]
[WhiteElo "2334"]
[BlackElo "2108"]
[WhiteFideId "13601369"]
[BlackFideId "13304585"]
[EventDate "2014.07.13"]

1. c4 e6 2. d4 Nf6 3. Nc3 c5 4. d5 exd5 5. cxd5 d6 6. e4 g6 7. Nf3 a6 8. a4 Bg4
9. Be2 Bxf3 10. Bxf3 Bg7 11. O-O Nfd7 12. Bf4 Qe7 13. Qb3 Ne5 14. Be2 O-O 15.
Bg3 g5 16. Nd1 f5 17. exf5 Rxf5 18. Ne3 Rf8 19. Rae1 Nbd7 20. Bg4 Nxg4 21. Nxg4
Ne5 22. Nxe5 dxe5 23. Bxe5 Rae8 24. d6+ Qf7 25. Qxf7+ Kxf7 26. Bxg7 Kxg7 27. d7
Rxe1 28. Rxe1 Rd8 29. Re5 Rxd7 30. Rxg5+ Kf6 31. h4 Rd1+ 32. Kh2 Rd4 33. Kh3
Rxa4 34. Rxc5 Rb4 35. g4 Rb3+ 36. Kg2 Rxb2 37. h5 h6 38. Kg3 Rb3+ 39. f3 Kg7 40.
Kf4 b6 41. Rc7+ Kg8 42. Ke4 a5 43. f4 Rb5 44. Ra7 Rc5 45. Rb7 Rb5 46. g5 hxg5
47. f5 g4 48. h6 g3 49. Rg7+ Kf8 50. Rxg3 Rb4+ 51. Ke5 Rh4 52. Rg6 a4 53. Rxb6
a3 54. Ke6 Rxh6+ 55. f6 Kg8 56. Rb8+ Kh7 57. Ra8 a2 58. Rxa2 Rh1 59. f7 Re1+ 60.
Kf6 Rf1+ 61. Ke7 Re1+ 62. Kf8 Rb1 63. Rh2+ Kg6 64. Kg8 1-0

[Event "9th Nana Aleksandria Cup"]
[Site "Poti GEO"]
[Date "2014.07.15"]
[Round "4.15"]
[White "Keleptrishvili, Irakli"]
[Black "Dilanyan, Grigor"]
[Result "1/2-1/2"]
[BlackTitle "FM"]
[WhiteElo "2056"]
[BlackElo "2250"]
[WhiteFideId "13605801"]
[BlackFideId "13303570"]
[EventDate "2014.07.13"]

1. e4 e5 2. Nf3 Nc6 3. Bb5 a6 4. Ba4 Nf6 5. d3 b5 6. Bb3 Be7 7. Nc3 d6 8. a4 Rb8
9. Nd5 O-O 10. Nxe7+ Qxe7 11. axb5 axb5 12. Bg5 h6 13. Be3 Be6 14. Bxe6 Qxe6 15.
O-O Ra8 16. Qd2 Ng4 17. Qc3 Ne7 18. Rxa8 Rxa8 19. Qxc7 Nxe3 20. fxe3 Rc8 21. Qb6
Rxc2 22. Qxb5 Ng6 23. Rf2 Rc1+ 24. Rf1 Rc2 25. Rf2 1/2-1/2

[Event "9th Nana Aleksandria Cup"]
[Site "Poti GEO"]
[Date "2014.07.15"]
[Round "4.16"]
[White "Qalagashvili, Pridon"]
[Black "Khurtsilava, Inga"]
[Result "0-1"]
[BlackTitle "WGM"]
[WhiteElo "2117"]
[BlackElo "2233"]
[WhiteFideId "13601245"]
[BlackFideId "13600419"]
[EventDate "2014.07.13"]

1. d4 Nf6 2. c4 e6 3. Nf3 Bb4+ 4. Nbd2 d5 5. e3 O-O 6. Bd3 b6 7. cxd5 exd5 8.
O-O Bb7 9. Ne5 c5 10. Qa4 Bxd2 11. Bxd2 c4 12. Bf5 a6 13. Bb4 Re8 14. Rfc1 g6
15. Bh3 Ne4 16. g3 b5 17. Qd1 Nc6 18. Nxc6 Bxc6 19. b3 a5 20. Be1 b4 21. bxc4
dxc4 22. Bg2 c3 23. f3 Nd6 24. e4 f5 25. d5 Bb5 26. Qd4 fxe4 27. fxe4 Rc8 28.
Bf2 Nxe4 29. Bxe4 Rc4 30. Qb6 Qxb6 31. Bxb6 Rcxe4 32. Bxa5 Ra8 33. Bc7 Rc4 34.
Bf4 c2 35. Kf2 Rd8 36. d6 g5 37. Bxg5 Rxd6 38. h4 Be8 39. Re1 Bh5 40. Re7 h6 41.
Be3 Ra6 42. Re5 Bd1 43. Rb5 Rf6+ 44. Kg2 Re6 45. Rc5 Rce4 46. Bf2 Rf6 0-1

[Event "9th Nana Aleksandria Cup"]
[Site "Poti GEO"]
[Date "2014.07.15"]
[Round "4.17"]
[White "Shamatava, Ana"]
[Black "Soysal, Serkan"]
[Result "0-1"]
[WhiteElo "2087"]
[BlackElo "2198"]
[WhiteFideId "13601008"]
[BlackFideId "6349250"]
[EventDate "2014.07.13"]

1. e4 d5 2. exd5 Qxd5 3. Nc3 Qd6 4. d4 Nf6 5. Nf3 c6 6. Be2 Bf5 7. O-O e6 8. Ne5
h6 9. Bf3 Nbd7 10. Bf4 Qb4 11. Rb1 Nxe5 12. Bxe5 Be7 13. a3 Qa5 14. b4 Qd8 15.
Na4 Rc8 16. Qe2 O-O 17. Rbd1 b6 18. c4 Nd7 19. Bg3 Re8 20. Nc3 Bh4 21. Ne4 Bxe4
22. Bxe4 Bxg3 23. fxg3 Nf6 24. Bb1 Qe7 25. Qe5 Rcd8 26. h3 Rd7 27. Rf4 Qd6 28.
Rdf1 c5 29. bxc5 bxc5 30. Qxd6 Rxd6 31. dxc5 Rc6 32. g4 Rxc5 33. Rd1 e5 34. Rf5
Rxc4 35. Re1 Rc5 36. Ba2 Re7 37. Rd1 Rc8 38. Re1 Rc2 39. Bb1 Rc3 40. Kh2 Rc5 41.
Rd1 Nd5 42. Ba2 g6 43. Rf2 Nc3 44. Rd8+ Kg7 45. Bb3 e4 0-1

[Event "9th Nana Aleksandria Cup"]
[Site "Poti GEO"]
[Date "2014.07.15"]
[Round "4.18"]
[White "Chighladze, Iveri"]
[Black "Gamzardia, Giorgi"]
[Result "1-0"]
[WhiteTitle "IM"]
[BlackTitle "FM"]
[WhiteElo "2357"]
[BlackElo "2122"]
[WhiteFideId "13602039"]
[BlackFideId "13603388"]
[EventDate "2014.07.13"]

1. d4 d6 2. Nf3 Nf6 3. c4 g6 4. Nc3 Bg7 5. e4 O-O 6. Be2 Nbd7 7. O-O e5 8. Re1
exd4 9. Nxd4 Nc5 10. Bf1 Re8 11. f3 c6 12. Be3 a5 13. Qd2 Nfd7 14. Rad1 Qc7 15.
Nb3 Nxb3 16. axb3 Nc5 17. Na4 Nxa4 18. bxa4 Rd8 19. c5 d5 20. Bf4 Qd7 21. exd5
cxd5 22. Bb5 Qf5 23. g4 Qf6 24. Bg5 1-0

[Event "9th Nana Aleksandria Cup"]
[Site "Poti GEO"]
[Date "2014.07.15"]
[Round "4.19"]
[White "Matevosyan, Sedrak"]
[Black "Khomeriki, Nino"]
[Result "0-1"]
[BlackTitle "WFM"]
[WhiteElo "2215"]
[BlackElo "2101"]
[WhiteFideId "13302035"]
[BlackFideId "13603191"]
[EventDate "2014.07.13"]

1. c4 e5 2. Nc3 Nc6 3. g3 g6 4. Bg2 Bg7 5. Rb1 Nf6 6. b4 O-O 7. e3 Re8 8. Nge2
Nd4 9. Ng1 c6 10. d3 Ne6 11. Nf3 d5 12. cxd5 cxd5 13. Ne2 a5 14. b5 e4 15. dxe4
dxe4 16. Qxd8 Rxd8 17. Nd2 Nc5 18. O-O Be6 19. a3 Rac8 20. Nd4 Ba2 21. Ra1 Bd5
22. a4 Nfd7 23. Ba3 f5 24. Rfb1 Nb6 25. Bxc5 Rxc5 26. N2b3 Bxb3 27. Nxb3 Rc2 28.
Rc1 Rdc8 29. Rxc2 Rxc2 30. Rd1 Bc3 31. f3 Nc4 32. Rd8+ Kg7 33. fxe4 Nxe3 34. Bf3
Rb2 35. Nc5 b6 36. Nd3 Rd2 37. Rd7+ Kf8 38. Ne5 Ra2 39. Nc6 Be1 40. Rd8+ Kg7 41.
Rd7+ Kh6 42. e5 Bf2+ 43. Kh1 Ra1+ 44. Bd1 Rxd1+ 45. Rxd1 Nxd1 46. e6 Kg7 0-1

[Event "9th Nana Aleksandria Cup"]
[Site "Poti GEO"]
[Date "2014.07.15"]
[Round "4.20"]
[White "Zeynalli, Rashad"]
[Black "Vakhania, Alexandra"]
[Result "1-0"]
[WhiteElo "2093"]
[BlackElo "2183"]
[WhiteFideId "13403320"]
[BlackFideId "13602560"]
[EventDate "2014.07.13"]

1. Nf3 Nc6 2. d4 d5 3. g3 Bg4 4. Nbd2 Qd7 5. h3 Bf5 6. c3 f6 7. b4 e6 8. Nh4 Be4
9. Nxe4 dxe4 10. e3 O-O-O 11. Bc4 Nge7 12. b5 Na5 13. Be2 Nd5 14. Qa4 b6 15. Bd2
a6 16. Rb1 g5 17. Ng2 Nb7 18. Qxa6 Kb8 19. O-O f5 20. c4 Nf6 21. Rb3 e5 22. Rc1
f4 23. c5 Bxc5 24. Rxc5 Nxc5 25. dxc5 Qc8 26. Qa4 Qb7 27. Ra3 bxc5 28. Bc3 f3
29. Bc4 Nd5 30. Bxd5 Rxd5 31. Ne1 c4 32. Qxc4 Rxb5 33. Bxe5 Rxe5 34. Rb3 Rhe8
35. Nc2 R8e6 36. Rxb7+ Kxb7 37. Nb4 Rd6 38. g4 Rd1+ 39. Kh2 Rd6 40. a4 Rb6 41.
Nd5 Rbe6 42. Qxc7+ Ka6 43. Nb4# 1-0

[Event "9th Nana Aleksandria Cup"]
[Site "Poti GEO"]
[Date "2014.07.16"]
[Round "5.1"]
[White "Golod, Vitali"]
[Black "Javakhadze, Zurab"]
[Result "1-0"]
[WhiteTitle "GM"]
[BlackTitle "IM"]
[WhiteElo "2565"]
[BlackElo "2428"]
[WhiteFideId "2804140"]
[BlackFideId "13603647"]
[EventDate "2014.07.13"]

1. d4 d5 2. c4 e6 3. Nc3 Nf6 4. cxd5 Nxd5 5. Nf3 Nxc3 6. bxc3 c5 7. e4 cxd4 8.
cxd4 Bb4+ 9. Bd2 Bxd2+ 10. Qxd2 O-O 11. Bc4 Nd7 12. O-O b6 13. a4 Bb7 14. Rfe1
e5 15. d5 a6 16. Qe3 Qe7 17. Nd2 g6 18. Reb1 Rac8 19. Bf1 f5 20. Nc4 fxe4 21. d6
Qf6 22. Nxb6 Rcd8 23. Nxd7 Rxd7 24. Rb6 Rfd8 25. Qb3+ 1-0

[Event "9th Nana Aleksandria Cup"]
[Site "Poti GEO"]
[Date "2014.07.16"]
[Round "5.2"]
[White "Babujian, Levon"]
[Black "Lorparizangeneh, Shahin"]
[Result "1-0"]
[WhiteTitle "GM"]
[BlackTitle "FM"]
[WhiteElo "2469"]
[BlackElo "2259"]
[WhiteFideId "13301993"]
[BlackFideId "12521604"]
[EventDate "2014.07.13"]

1. d4 Nf6 2. c4 g6 3. Nf3 Bg7 4. g3 d5 5. Bg2 dxc4 6. O-O O-O 7. Na3 c3 8. bxc3
c5 9. e3 Nc6 10. Qe2 Bf5 11. Bb2 Qb6 12. Rfc1 Rfd8 13. Nc4 Qa6 14. Bf1 Qa4 15.
Nfe5 Rac8 16. Nxc6 Qxc6 17. Ne5 Qe6 18. Bg2 Rc7 19. c4 cxd4 20. exd4 Qa6 21. Re1
Ne8 22. Bf1 Qa4 23. Qf3 Bxe5 24. Rxe5 Nd6 25. Rc1 Rxc4 26. Bxc4 Nxc4 27. Re2
Nxb2 28. Rxb2 Qxd4 29. Qxb7 e5 30. Re1 e4 31. Qb4 Qd5 32. Qc3 Bg4 33. Reb1 Qd6
34. Qb4 Qxb4 35. Rxb4 Rd2 36. Rxe4 Bf5 37. Re8+ Kg7 38. Ra1 Be6 39. a3 Rd4 40.
Rb8 a5 41. Rb5 Ra4 42. Rc5 Kf6 43. f3 Ke7 44. Kf2 Kd6 45. Rc3 h5 46. Ke3 Ke5 47.
h4 Bc4 48. Rd1 Be6 49. Rd2 Bf5 50. f4+ 1-0

[Event "9th Nana Aleksandria Cup"]
[Site "Poti GEO"]
[Date "2014.07.16"]
[Round "5.3"]
[White "Mikadze, Miranda"]
[Black "Alaverdyan, Gevorg"]
[Result "0-1"]
[WhiteTitle "WIM"]
[BlackTitle "FM"]
[WhiteElo "2240"]
[BlackElo "2355"]
[WhiteFideId "13603108"]
[BlackFideId "13303058"]
[EventDate "2014.07.13"]

1. d4 Nf6 2. Nf3 g6 3. Nbd2 d5 4. e3 Bf5 5. Bd3 Ne4 6. Nh4 e6 7. Nxf5 gxf5 8. c4
c6 9. cxd5 cxd5 10. g4 Qh4 11. Qa4+ Nc6 12. Nxe4 fxe4 13. Bb5 Bd6 14. Bd2 Qxg4
15. Rc1 Qg2 16. Rf1 Qxh2 17. Bxc6+ bxc6 18. Rxc6 O-O 19. Qa6 Be7 20. b4 h5 21.
a4 h4 22. Qe2 Qg2 23. b5 Rac8 24. Ba5 Kg7 25. Bc7 h3 26. Be5+ f6 27. Bg3 Bb4+
28. Kd1 Rxc6 29. bxc6 h2 30. Qg4+ Kf7 31. Qh5+ Ke7 32. Ke2 Rh8 33. Bd6+ Kxd6 0-1

[Event "9th Nana Aleksandria Cup"]
[Site "Poti GEO"]
[Date "2014.07.16"]
[Round "5.4"]
[White "Hayrapetyan, Hovik"]
[Black "Mgeladze, Tamaz"]
[Result "1/2-1/2"]
[WhiteTitle "GM"]
[BlackTitle "FM"]
[WhiteElo "2422"]
[BlackElo "2325"]
[WhiteFideId "13302639"]
[BlackFideId "13601202"]
[EventDate "2014.07.13"]

1. d4 Nf6 2. c4 g6 3. Nc3 Bg7 4. e4 O-O 5. Nf3 d6 6. h3 e5 7. d5 a5 8. g4 Na6 9.
Be3 Nd7 10. Rg1 Ndc5 11. h4 Bd7 12. h5 c6 13. Qd2 cxd5 14. exd5 e4 15. Nd4 Nb4
16. O-O-O Nxa2+ 17. Nxa2 Bxd4 18. Kb1 Bxe3 19. fxe3 Qf6 20. g5 Qe5 21. Be2 a4
22. Qd4 Rae8 23. Qxe5 Rxe5 24. Rdf1 Rf5 25. Nc3 f6 26. Rxf5 Bxf5 27. gxf6 Rxf6
28. Bd1 Kf7 29. hxg6+ Bxg6 30. Nxa4 Nxa4 31. Bxa4 Rf3 32. Re1 h5 33. Bd7 Bf5 34.
Bxf5 Rxf5 35. Kc2 Kf6 36. Kc3 Ke5 37. Rh1 Rg5 38. b4 b6 39. Rh4 Rf5 40. Kb3 b5
41. cxb5 Kxd5 42. Rh1 h4 43. Rxh4 Rf3 44. Rh7 Rxe3+ 45. Ka4 Rg3 46. b6 Kc6 47.
b7 Rg8 48. Ka5 Rg5+ 49. Ka4 Rb5 50. Re7 1/2-1/2

[Event "9th Nana Aleksandria Cup"]
[Site "Poti GEO"]
[Date "2014.07.16"]
[Round "5.5"]
[White "Quparadze, Giga"]
[Black "Rasulov, Vugar"]
[Result "0-1"]
[WhiteTitle "IM"]
[BlackTitle "GM"]
[WhiteElo "2504"]
[BlackElo "2521"]
[WhiteFideId "13602250"]
[BlackFideId "13402390"]
[EventDate "2014.07.13"]

1. e4 c5 2. Nf3 d6 3. d4 cxd4 4. Nxd4 Nf6 5. Nc3 a6 6. g3 e5 7. Nde2 Be7 8. Bg2
O-O 9. O-O b5 10. a4 b4 11. Nd5 Nxd5 12. Qxd5 Ra7 13. Be3 Be6 14. Qd2 Rb7 15. f4
Nc6 16. f5 Bc4 17. b3 Bxe2 18. Qxe2 a5 19. Rad1 Bf6 20. Qa6 Qc7 21. Rxd6 Qxd6
22. Qxb7 Nd4 23. Qd5 Qc7 24. Bxd4 exd4 25. Bf3 Qxc2 26. e5 Bg5 27. f6 Qf5 28.
Be2 Qe6 29. Qe4 Qxb3 30. Kg2 Qe3 31. Qg4 g6 32. h4 Bh6 33. h5 d3 34. Bd1 Qxe5
35. hxg6 hxg6 36. Qc4 Bg5 37. Qxd3 Bxf6 38. Bb3 Kg7 39. Qc4 Qe7 40. Qc6 Rd8 41.
Qf3 Rc8 42. Qf4 Rc3 43. Rf3 Rxf3 44. Qxf3 Bd4 45. Bc4 f5 46. Bd5 Qe3 47. Qf1 b3
48. Qd1 b2 49. Ba2 Be5 0-1

[Event "9th Nana Aleksandria Cup"]
[Site "Poti GEO"]
[Date "2014.07.16"]
[Round "5.6"]
[White "Gholami, Aryan"]
[Black "Pantsulaia, Levan"]
[Result "1/2-1/2"]
[WhiteTitle "FM"]
[BlackTitle "GM"]
[WhiteElo "2265"]
[BlackElo "2591"]
[WhiteFideId "12513342"]
[BlackFideId "13602071"]
[EventDate "2014.07.13"]

1. d4 Nf6 2. Nf3 g6 3. Bf4 Bg7 4. e3 d6 5. h3 O-O 6. Bd3 Nbd7 7. O-O Re8 8. Bc4
c6 9. a4 a5 10. Nc3 Qb6 11. Bb3 e5 12. dxe5 dxe5 13. Bh2 Qb4 14. Ng5 Rf8 15. f4
Qb6 16. Nxf7 Nc5 17. Nh6+ Kh8 18. Nf7+ Kg8 19. Nh6+ Kh8 20. Nf7+ 1/2-1/2

[Event "9th Nana Aleksandria Cup"]
[Site "Poti GEO"]
[Date "2014.07.16"]
[Round "5.7"]
[White "Bajarani, Ulvi"]
[Black "Gharagyozyan, Artur"]
[Result "1-0"]
[WhiteTitle "GM"]
[WhiteElo "2486"]
[BlackElo "2278"]
[WhiteFideId "13403028"]
[BlackFideId "13303279"]
[EventDate "2014.07.13"]

1. e4 e6 2. d4 d5 3. Nc3 dxe4 4. Nxe4 Bd7 5. Nf3 Bc6 6. Bd3 Nd7 7. O-O Be7 8.
Re1 Ngf6 9. Ned2 Bxf3 10. Nxf3 O-O 11. c3 c5 12. Qe2 cxd4 13. Nxd4 Nc5 14. Bc2
a6 15. Bg5 Qd5 16. Bh4 Rfe8 17. Rad1 Ncd7 18. b4 Rac8 19. Bb3 Qd6 20. Nxe6 Qxh2+
21. Kxh2 Ng4+ 22. Qxg4 Ne5 23. Qxg7# 1-0

[Event "9th Nana Aleksandria Cup"]
[Site "Poti GEO"]
[Date "2014.07.16"]
[Round "5.8"]
[White "Khurtsilava, Inga"]
[Black "Benidze, Davit"]
[Result "1/2-1/2"]
[WhiteTitle "WGM"]
[BlackTitle "GM"]
[WhiteElo "2233"]
[BlackElo "2476"]
[WhiteFideId "13600419"]
[BlackFideId "13603086"]
[EventDate "2014.07.13"]

1. d4 Nf6 2. Nf3 e6 3. e3 d6 4. Bd3 b6 5. Nbd2 Nbd7 6. e4 e5 7. Bb5 Qe7 8. Bc6
Rb8 9. O-O Bb7 10. Bxb7 Rxb7 11. c3 c6 12. a4 g6 13. b3 Bg7 14. dxe5 dxe5 15.
Qc2 O-O 16. Ba3 Nc5 17. b4 Ncd7 18. Rad1 Rbb8 19. Nc4 Rfd8 20. b5 c5 21. Bc1 Qe6
22. Qe2 Ne8 23. Rd5 Nc7 24. Rd6 Qe7 25. Bg5 f6 26. Be3 Nf8 27. Rfd1 Nfe6 28. h4
Bf8 29. Rxd8 Rxd8 30. h5 g5 31. Nh2 Rxd1+ 32. Qxd1 Qd8 33. Qe2 Ng7 1/2-1/2